书目信息

书名: 鬼吹灯之五黄皮子坟 
作者: 天下霸唱
出版信息: 合肥   安徽文艺出版社  2007.07
开本页数: 23cm  305页
丛书名:
单 册:
中图分类: I2406
科图分类:
主题词: 长篇小说--中国--当代 , 长篇小说
电子资源:
ISBN: 978-7-5396-2883-7
000 02025nam0 2200241 45
001 012012002620
005 20120606163456.00
010    @a978-7-5396-2883-7@dCNY26.80
100    @a20120605e20072009em y0chiy0121 ea
101 @achi
102    @aCN@b340000
105    @aa z 000ay
200 @a鬼吹灯之五黄皮子坟@9gui chui deng zhi wu huang pi zi fen@f天下霸唱著
205    @a2版
210    @a合肥@c安徽文艺出版社@d2007.07@h2009.08(重印)
215    @a305页@c图@d23cm
330    @a盗暮者的诡异经历:故事以一本家传的秘书残卷为引,讲述三位当代摸金校尉,为解开部族消失的千古之谜,利用风水秘术,解读天下大山大川的脉搏,寻找一处处失落在大地深处的龙楼宝殿。毕竟那些龙形虎藏、揭天拔地、倒海翻江的举动,都迥异庸俗,在离奇诡异的地下世界中,历史的神秘面纱正一层层地被揭开……本书源起:在大兴安岭加格达奇,有一处被称为千古之谜的鲜卑山洞,又名大鲜卑山“嘎仙洞”,洞内有北魏时期的摩崖石刻。山洞幽暗深邃、神秘莫测,隐藏在莽莽原始森林中。嘎仙洞不光是北魏鲜卑族发祥的圣地,也是鄂伦春族古老的福地。传说在远古洪荒的年代,嘎仙洞曾是东海下的“海眼”,是通往冥冥洞府的入口。关于此地的传说不胜枚举,就像是白山黑水间似真似幻的海市蜃楼,但可以肯定的是,大鲜卑山嘎仙洞在历史的长河中,默默地见证了许多繁荣的消亡,带着无数的秘密留存至今。胡八一出国在即,整理旧物时翮出一张老照片,那时,他和胖子正作为知青在大兴安岭的山区插队,山里的生活让年轻气盛的他们如鱼得水。为了换几斤水果糖上山打黄皮子(黄鼠狼),为了给人治病捉熊取胆。没想到二人误入一座坍塌的黄皮子祠。传说几十年前,一伙号称“泥儿会”的胡匪曾从黄皮子祠挖出一口描金嵌玉的箱子,随后这伙胡匪和箱子就一起消失在了漠北草原。此时,恰逢战友丁思甜来信邀请他们去草原做客,二人欣然前往,哪知正赶上牧牛受惊。为寻找丢失的牧牛,三人和牧民老羊皮进入俗称阎王殿的百眼窟。在这里,竟有一些日本“给水部队”的遗迹,一座没有房间的怪楼,一个编号是“0”的地下室,更可怕的是,两只全身白毛的黄皮子一直尾随着他们……
606 @a长篇小说@y中国@z当代
606 @a长篇小说
690    @aI2406@v4
701  0 @a天下霸唱@9tian xia ba chang@4著
801  0 @aCN@bSOFMIT
905    @aCKNYKJZYXY@b300414343-7@dI2406@e7:5@f5
    
    鬼吹灯之五黄皮子坟/天下霸唱著.-2版.-合肥:安徽文艺出版社,2007.07(2009.08(重印))
    305页:图;23cm
    
    
    ISBN 978-7-5396-2883-7:CNY26.80
    盗暮者的诡异经历:故事以一本家传的秘书残卷为引,讲述三位当代摸金校尉,为解开部族消失的千古之谜,利用风水秘术,解读天下大山大川的脉搏,寻找一处处失落在大地深处的龙楼宝殿。毕竟那些龙形虎藏、揭天拔地、倒海翻江的举动,都迥异庸俗,在离奇诡异的地下世界中,历史的神秘面纱正一层层地被揭开……本书源起:在大兴安岭加格达奇,有一处被称为千古之谜的鲜卑山洞,又名大鲜卑山“嘎仙洞”,洞内有北魏时期的摩崖石刻。山洞幽暗深邃、神秘莫测,隐藏在莽莽原始森林中。嘎仙洞不光是北魏鲜卑族发祥的圣地,也是鄂伦春族古老的福地。传说在远古洪荒的年代,嘎仙洞曾是东海下的“海眼”,是通往冥冥洞府的入口。关于此地的传说不胜枚举,就像是白山黑水间似真似幻的海市蜃楼,但可以肯定的是,大鲜卑山嘎仙洞在历史的长河中,默默地见证了许多繁荣的消亡,带着无数的秘密留存至今。胡八一出国在即,整理旧物时翮出一张老照片,那时,他和胖子正作为知青在大兴安岭的山区插队,山里的生活让年轻气盛的他们如鱼得水。为了换几斤水果糖上山打黄皮子(黄鼠狼),为了给人治病捉熊取胆。没想到二人误入一座坍塌的黄皮子祠。传说几十年前,一伙号称“泥儿会”的胡匪曾从黄皮子祠挖出一口描金嵌玉的箱子,随后这伙胡匪和箱子就一起消失在了漠北草原。此时,恰逢战友丁思甜来信邀请他们去草原做客,二人欣然前往,哪知正赶上牧牛受惊。为寻找丢失的牧牛,三人和牧民老羊皮进入俗称阎王殿的百眼窟。在这里,竟有一些日本“给水部队”的遗迹,一座没有房间的怪楼,一个编号是“0”的地下室,更可怕的是,两只全身白毛的黄皮子一直尾随着他们……
相关链接 在五车中查询图书 在当当中查询图书 在豆瓣中查询图书


正题名:鬼吹灯之五黄皮子坟     索取号:I2406/7:5         预约/预借

序号 登录号 条形码 馆藏地/架位号 状态 备注
1 414343   300414343   柳城-3楼/23架11列5层/ [索取号:I2406/7:5] 在馆    
2 414344   300414344   柳城-3楼/23架11列5层/ [索取号:I2406/7:5] 在馆    
3 414345   300414345   海科密-1楼/36架3列7层/ [索取号:I2406/7:5] 在馆    
4 414346   300414346   柳城-3楼/23架11列5层/ [索取号:I2406/7:5] 在馆    
5 414347   300414347   海科密-1楼/33架10列7层/ [索取号:I2406/7:5] 在馆